| 000 | 00442nam a2200145Ia 4500 | ||
|---|---|---|---|
| 008 | 231129s2004||||xx |||||||||||||| ||spa|| | ||
| 020 | _a958-41-0288-5 | ||
| 040 | _bspa | ||
| 082 | _a658.3 Ch532g | ||
| 100 | _aChiavenato Idalberto | ||
| 245 | 0 | _aGestión del talento humano: El nuevo papel de los recursos humanos en las organizaciones | |
| 260 | _c2004 | ||
| 264 | _aMcGraw-Hill | ||
| 942 |
_2ddc _cBKS |
||
| 999 |
_c14497 _d14497 |
||